Catalog

Record Details

Catalog Search



Casey Jones's fireman : the story of Sim Webb / ... Read More

Farmer, Nancy.(Author).
Bernardin, James.(Added Author).

Available copies

  • 2 of 2 copies available at LARL/NWRL Consortium.

Current holds

0 current holds with 2 total copies.

Show Only Available Copies
Location Call Number / Copy Notes Barcode Shelving Location Status Due Date
Godel Memorial-Warren Library e FAR (Text) 35500002769139 Main Available -
Hallock Public Library e FAR (Text) 35500003803275 Main Available -

Record details

  • ISBN: 0803719299 (hardcover)
  • Physical Description: 1 v. (unpaged) : col. ill. ; 22 x 27 cm.
  • Edition: 1st ed.
  • Publisher: New York : Phyllis Fogelman Books, c1998.

Content descriptions

Summary, etc.:
Even though the railroad fireman senses danger ... Read More
Subject: Discovery Club rotation.
Things That Go, level 2 : Discovery Club rotation.
Jones, Casey, 1863-1900 > Legends.
Webb, Sim > Legends.
Jones, Casey, 1863-1900 > Legends.
Webb, Sim > Legends.
African Americans > Folklore.
Folklore > United States.
LDR 01531cam a2200361 a 4500
00128833
003LARL_NWRL_CONSORTIUM
00520000113123325.0
008950424s1998 nyu j 000 0 eng
020 . ‡a0803719299 (hardcover)
035 . ‡a(OCoLC)43148080
03500. ‡ilcmarc/ATJ-6640/NWRLTECH
040 . ‡aDLC ‡cDLC ‡dDLC
042 . ‡alcac
08200. ‡a398.2 ‡aE ‡220
092 . ‡ae FAR
1001 . ‡aFarmer, Nancy. ‡0(LARL_NWRL_CONSORTIUM)93430
24510. ‡aCasey Jones's fireman : ‡bthe story of Sim Webb / ‡cNancy Farmer ; pictures by James Bernardin.
250 . ‡a1st ed.
260 . ‡aNew York : ‡bPhyllis Fogelman Books, ‡cc1998.
300 . ‡a1 v. (unpaged) : ‡bcol. ill. ; ‡c22 x 27 cm.
520 . ‡aEven though the railroad fireman senses danger ahead, he follows his engineer's command to increase the train's power so that the mysterious whistle blows.
650 0. ‡aDiscovery Club rotation.
650 0. ‡aThings That Go, level 2 : Discovery Club rotation.
60010. ‡aJones, Casey, ‡d1863-1900 ‡vLegends.
60010. ‡aWebb, Sim ‡vLegends.
60011. ‡aJones, Casey, ‡d1863-1900 ‡vLegends.
60011. ‡aWebb, Sim ‡vLegends.
650 1. ‡aAfrican Americans ‡vFolklore. ‡0(LARL_NWRL_CONSORTIUM)13035
650 1. ‡aFolklore ‡zUnited States. ‡0(LARL_NWRL_CONSORTIUM)20496
7001 . ‡aBernardin, James. ‡0(LARL_NWRL_CONSORTIUM)106285
901 . ‡a28833 ‡bOCLC ‡c28833 ‡tbiblio

Additional Resources